000 01682nam0a2200289 i 4500
001 RU\NLR\bibl\2021891
005 20260407050755.0
035 _a(NLR Aleph) 002010102
090 _a4452337
_c4452337
100 _a20130409d2013 u y0rusy50 ca
101 0 _arus
102 _aRU
105 _ay |||||||||
200 1 _aИнфекционная анемия цыплят
_e[учебно-методическое пособие
_eдля сельскохозяйственных высших учебных заведений по специальностям 111201 - ветеринария]
_fМ-во сел. хоз-ва Рос. Федерации, Деп. науч.-технол. политики и образования, С.-Петерб. гос. акад. вет. медицины
_g[Алиев А.С. и др.]
210 _aСанкт-Петербург
_cИзд-во ФГБОУ ВПО "СПбГАВМ"
_d2013
215 _a51, [1] с., [6] л. цв. ил.
_cил.
_d21
320 _aБиблиогр.: с. 40-51 (166 назв.)
606 _aИнфекционная анемия цыплят
_jУчебно-методические пособия для высших учебных заведений
_92142295
_3RU\NLR\auth\661595620
686 _aП873.361.9я73
702 1 _aАлиев
_bА. С.
_gАлаутдин Серажутдинович
_4220
712 0 2 _4570
_aСанкт-Петербургская государственная академия ветеринарной медицины
_9537852
_3RU\NLR\AUTH\8810019907
801 0 _aRU
_bNLR
_c20130409
_gRCR
801 1 _aRU
_bNLR
_c20130409
830 _aпо эк
942 _cBOOK
980 _aNBR